000 00671nam a2200241 i 4500
001 C2-0282685
003 PPAK
005 20180728012959.0
008 071018s2005 nyua|||| ||||| | eng d
020 _a1402726546
040 _aPPAK
_beng
_cPPAK
_erda
082 0 4 _a646.724
_223
090 0 0 _a646.724
_bHAN
_dR
100 1 _aHandel, Gloria,
_eauthor
245 1 0 _aCutting your family's hair
264 1 _aNew York :
_bSterling Publishing ,
_c2005
300 _a128 pages :
_bcolour illustrations ;
_c25 cm
336 _2rdacontent
_atext
337 _2rdamedia
_aunmediated
338 _2rdacarrier
_avolume
650 1 0 _aHair - Care and hygiene
942 _ddc
_cB
999 _c88905
_d88905